El ajuste estructural: una visión panorámica, 1980-89 /

Đã lưu trong:
Chi tiết về thư mục
Tác giả chính: Mosley, Paul
Định dạng: Texto
Các nhãn: Thêm thẻ
Không có thẻ, Là người đầu tiên thẻ bản ghi này!

MARC

LEADER 00000 a a2200000 04500
001 47030
003
040
100 |a Mosley, Paul  
245 |a El ajuste estructural:   |b una visión panorámica, 1980-89 /  |c Paul Mosley  
773 |a volumen10, número2, (1990), páginas 25-45 : tablas  
999 |c 26675  |d 26675